الفهرس الشامل للتراث العربي الإسلامي المخطوط : (رقم التسجيلة. 26883)

تفاصيل مارك
000 -LEADER
fixed length control field 00624nam a22001457a 4500
005 - DATE AND TIME OF LATEST TRANSACTION
control field 20251108165408.0
008 - FIXED-LENGTH DATA ELEMENTS--GENERAL INFORMATION
fixed length control field 250721s1996 xx 000 0 ara d
082 14 - DEWEY DECIMAL CLASSIFICATION NUMBER
Classification number م/016.219/مجم
245 10 - TITLE STATEMENT
Title الفهرس الشامل للتراث العربي الإسلامي المخطوط :
Remainder of title السيرة و المدائح النبوية /
264 1# - PRODUCTION, PUBLICATION, DISTRIBUTION, MANUFACTURE, AND COPYRIGHT NOTICE
Place of production, publication, distribution, manufacture عمان :
Name of producer, publisher, distributor, manufacturer المجمع،
Date of production, publication, distribution, manufacture, or copyright notice 1996.
650 17 - SUBJECT ADDED ENTRY--TOPICAL TERM
Topical term or geographic name as entry element السيره النبويهفهارسالمخطوطات العربيهالمدائح النبويه
710 2# - ADDED ENTRY--CORPORATE NAME
Corporate name or jurisdiction name as entry element المجمع الملكي لبحوث الحضاره الاسلاميه
942 ## - ADDED ENTRY ELEMENTS (KOHA)
Source of classification or shelving scheme Dewey Decimal Classification
Koha item type مراجع
المقتنيات
حالة السحب حالة الفقدان مصدر التصنيف حالة التلف غير قابل للإعارة المكتبة الرئيسية المكتبة الحالية موقع الرف تاريخ التزويد الرقم المتسلسل Total Checkouts رقم الإستدعاء الباركود تاريخ آخر ظهور تاريخ الفاتورة نوع المادة (كوها)
    Dewey Decimal Classification   Not For Loan المكتبة المركزية المكتبة المركزية مراجع 28/07/2025 245355   م/016.219/مجم 245355 28/07/2025 28/07/2025 مراجع
    Dewey Decimal Classification   Not For Loan المكتبة المركزية المكتبة المركزية مراجع 28/07/2025 245361   م/016.219/مجم 245361 28/07/2025 28/07/2025 مراجع
Implemented & Customized by: BBB with SCIT (Smart Chains for Information Technology)

Powered by Koha